[Event "Pardubice Czech op-A 33rd"]
[Site "Pardubice"]
[Date "2022.07.24"]
[Round "3"]
[White "Finek, Vaclav"]
[Black "Balazs, Balint"]
[Result "1-0"]
[WhiteElo "2393"]
[BlackElo "2174"]
[PlyCount "69"]
[EventDate "2022.07.22"]
[EventType "swiss"]
[EventRounds "9"]
[EventCountry "CZE"]
[SourceTitle "CBM 209 Extra"]
[Source "ChessBase"]
[SourceDate "2022.09.30"]
[SourceVersion "1"]
[SourceVersionDate "2022.09.30"]
[SourceQuality "1"]

1. Nf3 g6 2. d4 Bg7 3. c4 Nf6 4. g3 0-0 5. Bg2 c5 6. 0-0 d5 7. cxd5 cxd4 8. Nxd4 Nxd5 9. Nc3 Nb6 10. Ndb5 Nc6 11. Qxd8 Rxd8 12. Be3 Nc4 13. Bc5 a6 14. Nc7 Rb8 15. Rac1 Nxb2 16. N3d5 e6 17. Nb6 Bd7 18. Bd6 Nd4 19. Rfe1 Nf5 20. Bf4 Bd4 21. Nxd7 Rxd7 22. Nxe6 Re8 23. Nxd4 Nxd4 24. Kf1 Rde7 25. Be3 Nf5 26. Bg5 Rd7 27. Bf6 Na4 28. Red1 Nc5 29. Rxd7 Nxd7 30. Bb2 f6 31. Bxb7 Rb8 32. Rc7 Ne5 33. Ba3 Rd8 34. e4 Nd4 35. Bd5+ 1-0

[Event "Niedersachsen-ch op A"]
[Site "Verden"]
[Date "2019.01.03"]
[Round "1"]
[White "Balazs, Balint"]
[Black "Stummeyer, Dieter"]
[Result "1-0"]
[WhiteElo "2121"]
[BlackElo "1813"]
[PlyCount "55"]
[EventDate "2019.01.03"]
[EventType "swiss"]
[EventRounds "7"]
[EventCountry "GER"]
[SourceTitle "EXT 2022"]
[Source "ChessBase"]
[SourceDate "2021.10.06"]
[SourceVersion "1"]
[SourceVersionDate "2021.10.06"]
[SourceQuality "1"]

1. d4 Nf6 2. Nf3 d5 3. Bf4 Bf5 4. e3 Nbd7 5. Nbd2 h6 6. c4 e6 7. Qb3 Rb8 8. h3 Bd6 9. Bxd6 cxd6 10. cxd5 exd5 11. Be2 0-0 12. 0-0 Qa5 13. Rac1 Rfc8 14. Nb1 Rc6 15. a4 Rbc8 16. Rxc6 Rxc6 17. Bb5 Rc7 18. Qa3 Qb6 19. Nc3 a6 20. a5 Qa7 21. Qxd6 Rxc3 22. Bxd7 Bxd7 23. bxc3 Bb5 24. Qd8+ Kh7 25. Rb1 Ne4 26. Qxd5 Nxc3 27. Qf5+ Kg8 28. Qc8+ 1-0

[Event "GER-chT U20"]
[Site "Osnabrueck"]
[Date "2018.12.29"]
[Round "6.2"]
[White "Balazs, Balint"]
[Black "Roseneck, Jonas"]
[Result "0-1"]
[WhiteElo "2105"]
[BlackElo "2246"]
[PlyCount "74"]
[EventDate "2018.12.27"]
[EventType "team-swiss"]
[EventRounds "7"]
[EventCountry "GER"]
[SourceTitle "CBM 188 Extra"]
[Source "ChessBase"]
[SourceDate "2019.02.26"]
[SourceVersion "1"]
[SourceVersionDate "2019.02.26"]
[SourceQuality "1"]
[WhiteTeam "Hagen"]
[BlackTeam "Magdeburg Aufbau Elbe"]
[WhiteTeamCountry "GER"]
[BlackTeamCountry "GER"]

1. d4 d5 2. Nf3 Nf6 3. Bf4 c5 4. c3 Nc6 5. e3 Qb6 6. Qb3 c4 7. Qxb6 axb6 8. Nbd2 b5 9. Be2 b4 10. 0-0 Bf5 11. Nh4 Be6 12. h3 h6 13. Bh2 Ne4 14. Nxe4 dxe4 15. f3 bxc3 16. bxc3 g5 17. fxe4 gxh4 18. d5 Bd7 19. dxc6 Bxc6 20. Bxc4 e6 21. Be5 Rg8 22. Rf4 Ra5 23. Bd4 Rag5 24. g4 hxg3 25. Raf1 g2 26. R1f2 Bd6 27. Rg4 Rxg4 28. hxg4 Bxe4 29. Bb5+ Kf8 30. Be2 h5 31. Rxg2 Bxg2 32. Kxg2 hxg4 33. e4 f5 34. e5 Ba3 35. Be3 Kf7 36. Kg3 Bb2 37. Bd4 Rc8 0-1

[Event "Pardubice Czech op-C 29th"]
[Site "Pardubice"]
[Date "2018.07.21"]
[Round "1"]
[White "Suckert, Jannis"]
[Black "Balazs, Balint"]
[Result "0-1"]
[WhiteElo "1621"]
[BlackElo "2031"]
[PlyCount "102"]
[EventDate "2018.07.21"]
[EventType "swiss"]
[EventRounds "9"]
[EventCountry "CZE"]
[SourceTitle "CBM 186 Extra"]
[Source "ChessBase"]
[SourceDate "2018.08.24"]
[SourceVersion "1"]
[SourceVersionDate "2018.08.24"]
[SourceQuality "1"]

1. d4 d5 2. Nf3 e6 3. e3 c6 4. Bd3 f5 5. Nbd2 Nf6 6. Ne5 Bd6 7. f4 0-0 8. 0-0 Bd7 9. Nxd7 Nbxd7 10. Nf3 Ne4 11. Ne5 Ndf6 12. c3 g5 13. Bd2 Qb6 14. Bxe4 Bxe5 15. Bxf5 exf5 16. fxe5 Ne4 17. b3 c5 18. Qe2 Rac8 19. Rac1 Qa5 20. Be1 c4 21. b4 Qa6 22. Rc2 Rc6 23. Rf3 Rh6 24. Qf1 Qg6 25. g4 f4 26. exf4 Ng3 27. Qf2 Ne4 28. Qe3 gxf4 29. Rxf4 Rxf4 30. Qxf4 Ng5 31. Qf5 Nf3+ 32. Kf1 Nxh2+ 33. Kg2 Qxg4+ 34. Qxg4+ Nxg4 35. Kf3 Rg6 36. Rg2 h5 37. Kf4 Kf7 38. Bh4 Nxe5 39. Rg5 Nd3+ 40. Kg3 Nc1 41. Kf4 Ne2+ 42. Ke5 Rxg5+ 43. Bxg5 Nxc3 44. Bd2 Nxa2 45. Kxd5 c3 46. Bg5 c2 47. Kd6 c1Q 48. Bxc1 Nxc1 49. d5 Na2 50. Kc7 Nxb4 51. d6 Ke6 0-1

[Event "GER-chT U16"]
[Site "Neumarkt in der Oberpfalz"]
[Date "2016.12.28"]
[Round "3.1"]
[White "Balazs, Balint"]
[Black "Sieber, Fiona"]
[Result "1-0"]
[WhiteElo "2059"]
[BlackElo "2153"]
[PlyCount "81"]
[EventDate "2016.12.27"]
[EventType "team-swiss"]
[EventRounds "7"]
[EventCountry "GER"]
[SourceTitle "EXT 2018"]
[Source "ChessBase"]
[SourceDate "2017.10.13"]
[SourceVersion "1"]
[SourceVersionDate "2017.10.13"]
[SourceQuality "1"]
[WhiteTeam "Hagen"]
[BlackTeam "Magdeburg Aufbau Elbe"]
[WhiteTeamCountry "GER"]
[BlackTeamCountry "GER"]

1. d4 Nf6 2. Bf4 c5 3. d5 d6 4. c4 e5 5. Bc1 g6 6. Nc3 Bg7 7. e4 0-0 8. Bd3 Ne8 9. g4 f5 10. g5 a6 11. a4 b6 12. h4 Rf7 13. Nf3 Bf8 14. Ne2 Ng7 15. Ng3 Raa7 16. Qc2 f4 17. Nf1 Be7 18. Be2 Bd7 19. N3h2 h5 20. gxh6 Nh5 21. Rg1 Kh7 22. Bxh5 gxh5 23. Qe2 f3 24. Nxf3 Bg4 25. Rxg4 hxg4 26. Ng5+ Bxg5 27. Bxg5 Qf8 28. Ne3 b5 29. axb5 axb5 30. Rxa7 Rxa7 31. Nxg4 bxc4 32. Nf6+ Kh8 33. Qg4 Ra1+ 34. Ke2 Ra2 35. Qf5 Rxb2+ 36. Kd1 Rb1+ 37. Kd2 Rb2+ 38. Kc3 Rb7 39. Kxc4 Rf7 40. Qg6 Na6 41. Ne8 1-0